[Event "Team Championship (men blitz)"]
[Site "Sochi"]
[Date "2017.10.05"]
[Round "5.31"]
[White "Jary, Sergey"]
[Black "Vastrukhin, Oleg"]
[Result "1-0"]
[LiveChessVersion "1.4.8"]
[BlackElo "2424"]
[WhiteElo "2333"]

1. Nf3 {[%clk 0:03:03]} g6 {[%clk 0:03:03]} 2. d4 {[%clk 0:03:04]} Bg7
{[%clk 0:03:04]} 3. g3 {[%clk 0:03:05]} Nf6 {[%clk 0:03:05]} 4. Bg2
{[%clk 0:03:07]} O-O {[%clk 0:03:06]} 5. O-O {[%clk 0:03:09]} c5 {[%clk 0:03:07]}
6. c3 {[%clk 0:03:10]} cxd4 {[%clk 0:03:07]} 7. cxd4 {[%clk 0:03:11]} d5
{[%clk 0:03:08]} 8. Bg5 {[%clk 0:03:12]} Nc6 {[%clk 0:03:09]} 9. Nc3
{[%clk 0:03:13]} Bf5 {[%clk 0:03:08]} 10. Qb3 {[%clk 0:03:08]} Na5
{[%clk 0:03:07]} 11. Qd1 {[%clk 0:02:57]} Rc8 {[%clk 0:03:05]} 12. Ne5
{[%clk 0:02:53]} h6 {[%clk 0:02:51]} 13. Bxf6 {[%clk 0:02:52]} exf6
{[%clk 0:02:52]} 14. Nd3 {[%clk 0:02:49]} Be6 {[%clk 0:02:52]} 15. Nf4
{[%clk 0:02:48]} g5 {[%clk 0:02:46]} 16. Nfxd5 {[%clk 0:02:42]} f5
{[%clk 0:02:43]} 17. e3 {[%clk 0:02:42]} b5 {[%clk 0:02:23]} 18. Rc1
{[%clk 0:02:22]} Nc4 {[%clk 0:02:18]} 19. b3 {[%clk 0:02:18]} Nd6
{[%clk 0:02:18]} 20. Qe2 {[%clk 0:02:06]} a6 {[%clk 0:02:10]} 21. Nb4
{[%clk 0:02:03]} a5 {[%clk 0:01:58]} 22. Nc6 {[%clk 0:01:56]} Qe8
{[%clk 0:01:53]} 23. d5 {[%clk 0:01:49]} Bd7 {[%clk 0:01:49]} 24. Nxb5
{[%clk 0:01:48]} Nxb5 {[%clk 0:01:15]} 25. Qxb5 {[%clk 0:01:48]} h5
{[%clk 0:00:53]} 26. Qc5 {[%clk 0:01:44]} Bxc6 {[%clk 0:00:53]} 27. dxc6
{[%clk 0:01:44]} Qe6 {[%clk 0:00:41]} 28. Rfd1 {[%clk 0:01:39]} h4
{[%clk 0:00:30]} 29. Rd5 {[%clk 0:01:33]} hxg3 {[%clk 0:00:31]} 30. hxg3
{[%clk 0:01:35]} f4 {[%clk 0:00:29]} 31. Rxg5 {[%clk 0:01:33]} fxe3
{[%clk 0:00:30]} 32. Qxe3 {[%clk 0:01:28]} Qxe3 {[%clk 0:00:13]} 33. fxe3 Rc7 34.
Rc4 {[%clk 0:01:27]} Rd8 {[%clk 0:00:14]} 35. Rcg4 {[%clk 0:01:27]} f6
{[%clk 0:00:15]} 36. Rxa5 {[%clk 0:01:26]} Kf7 {[%clk 0:00:12]} 37. Bd5+
{[%clk 0:01:24]} Kf8 {[%clk 0:00:11]} 38. Kf2 {[%clk 0:01:21]} f5
{[%clk 0:00:06]} 39. Rg5 {[%clk 0:01:20]} Bf6 {[%clk 0:00:06]} 40. Rxf5
{[%clk 0:01:21]} Kg7 {[%clk 0:00:07]} 41. Rb5 {[%clk 0:01:21]} Kg6
{[%clk 0:00:06]} 42. g4 {[%clk 0:01:21]} Rh8 {[%clk 0:00:04]} 43. Rb7
{[%clk 0:01:22]} Bd8 {[%clk 0:00:04]} 44. Be4 {[%clk 0:01:21]} Kg7
{[%clk 0:00:05]} 45. Rh5 {[%clk 0:01:20]} Re8 {[%clk 0:00:05]} 46. Kf3
{[%clk 0:01:20]} Rf8+ {[%clk 0:00:07]} 47. Bf5 {[%clk 0:01:19]} Kf6
{[%clk 0:00:07]} 48. Rxc7 {[%clk 0:01:18]} Bxc7 {[%clk 0:00:08]} 49. Rh7
{[%clk 0:01:19]} 1-0

[Event "Team Championship (men blitz)"]
[Site "Sochi"]
[Date "2017.10.05"]
[Round "5.32"]
[White "Gochelashvili, David"]
[Black "Linker, Mikhail"]
[Result "0-1"]
[LiveChessVersion "1.4.8"]
[BlackElo "2268"]
[WhiteElo "2440"]

1. d4 {[%clk 0:03:02]} Nf6 {[%clk 0:03:03]} 2. Bf4 {[%clk 0:03:03]} b6
{[%clk 0:03:01]} 3. Nf3 {[%clk 0:03:01]} Bb7 {[%clk 0:03:02]} 4. Nbd2
{[%clk 0:03:02]} c5 {[%clk 0:03:01]} 5. c3 {[%clk 0:03:00]} g6 {[%clk 0:03:01]}
6. e3 {[%clk 0:03:00]} Bg7 {[%clk 0:03:02]} 7. h3 {[%clk 0:02:58]} O-O
{[%clk 0:03:02]} 8. Be2 {[%clk 0:02:59]} d6 {[%clk 0:03:02]} 9. O-O
{[%clk 0:02:57]} Nbd7 {[%clk 0:03:04]} 10. Bh2 {[%clk 0:02:53]} Qc7
{[%clk 0:03:01]} 11. Rc1 {[%clk 0:02:32]} a6 {[%clk 0:03:01]} 12. Re1
{[%clk 0:02:33]} b5 {[%clk 0:02:52]} 13. a3 {[%clk 0:02:28]} Rac8
{[%clk 0:02:49]} 14. c4 {[%clk 0:02:18]} Qb6 {[%clk 0:02:43]} 15. d5
{[%clk 0:02:08]} b4 {[%clk 0:02:12]} 16. a4 {[%clk 0:01:56]} a5 {[%clk 0:02:08]}
17. e4 {[%clk 0:01:55]} e5 {[%clk 0:02:03]} 18. dxe6 {[%clk 0:01:50]} fxe6
{[%clk 0:02:04]} 19. Qc2 {[%clk 0:01:34]} e5 {[%clk 0:02:05]} 20. Rcd1
{[%clk 0:01:33]} Rfd8 {[%clk 0:01:58]} 21. Ng5 {[%clk 0:01:27]} Nf8
{[%clk 0:01:59]} 22. f4 {[%clk 0:01:20]} exf4 {[%clk 0:01:51]} 23. Bxf4
{[%clk 0:01:21]} h6 {[%clk 0:01:52]} 24. Ngf3 {[%clk 0:01:22]} Ne6
{[%clk 0:01:53]} 25. Bh2 {[%clk 0:01:11]} Nd4 {[%clk 0:01:37]} 26. Nxd4
{[%clk 0:00:59]} cxd4 {[%clk 0:01:38]} 27. Bd3 {[%clk 0:00:58]} Nd7
{[%clk 0:01:24]} 28. Nb3 {[%clk 0:00:59]} Ne5 {[%clk 0:01:25]} 29. Rc1 Kh7 30.
Qd2 {[%clk 0:00:49]} Ba6 {[%clk 0:01:09]} 31. c5 {[%clk 0:00:35]} dxc5
{[%clk 0:01:03]} 32. Bxa6 {[%clk 0:00:36]} Qxa6 {[%clk 0:01:04]} 33. Nxc5
{[%clk 0:00:30]} Nc4 {[%clk 0:00:53]} 34. Nxa6 {[%clk 0:00:14]} Nxd2
{[%clk 0:00:54]} 35. Rcd1 {[%clk 0:00:11]} Nc4 {[%clk 0:00:48]} 36. b3
{[%clk 0:00:05]} Ne5 {[%clk 0:00:48]} 37. Rc1 {[%clk 0:00:04]} Rc3
{[%clk 0:00:34]} 38. Nc5 {[%clk 0:00:03]} Rc8 {[%clk 0:00:34]} 39. Bxe5
{[%clk 0:00:04]} Bxe5 {[%clk 0:00:34]} 40. Nd3 {[%clk 0:00:05]} Bg3
{[%clk 0:00:28]} 41. Red1 {[%clk 0:00:05]} Re8 {[%clk 0:00:22]} 42. Nc5
{[%clk 0:00:03]} Bf4 {[%clk 0:00:20]} 43. Rb1 {[%clk 0:00:04]} Be3+
{[%clk 0:00:20]} 44. Kf1 {[%clk 0:00:05]} Rf8+ {[%clk 0:00:21]} 45. Ke1
{[%clk 0:00:07]} Rxc5 {[%clk 0:00:20]} 46. Rb2 {[%clk 0:00:07]} Re8
{[%clk 0:00:17]} 47. Ke2 {[%clk 0:00:08]} Rxe4 {[%clk 0:00:19]} 48. Kf3
{[%clk 0:00:09]} Rf4+ {[%clk 0:00:19]} 49. Kg3 {[%clk 0:00:11]} h5
{[%clk 0:00:14]} 50. Re2 {[%clk 0:00:11]} h4+ {[%clk 0:00:15]} 51. Kh2
{[%clk 0:00:13]} Rf2 {[%clk 0:00:15]} 52. Ree1 {[%clk 0:00:11]} Rcc2
{[%clk 0:00:16]} 53. Rg1 {[%clk 0:00:12]} Rfd2 {[%clk 0:00:15]} 54. Rxd2
{[%clk 0:00:13]} Bxg1+ {[%clk 0:00:16]} 55. Kxg1 {[%clk 0:00:14]} Rxd2
{[%clk 0:00:17]} 0-1

[Event "Team Championship (men blitz)"]
[Site "Sochi"]
[Date "2017.10.05"]
[Round "6.2"]
[White "Andreikin, Dmitry"]
[Black "Alekseev, Evgeny"]
[Result "1-0"]
[LiveChessVersion "1.4.8"]
[BlackElo "2636"]
[WhiteElo "2787"]

1. d4 {[%clk 0:03:03]} Nf6 {[%clk 0:03:03]} 2. Bg5 {[%clk 0:03:05]} e6
{[%clk 0:03:04]} 3. e3 {[%clk 0:03:05]} h6 {[%clk 0:03:05]} 4. Bh4
{[%clk 0:03:06]} d6 {[%clk 0:03:06]} 5. Nd2 {[%clk 0:03:07]} Nbd7
{[%clk 0:03:04]} 6. c3 {[%clk 0:03:07]} Be7 {[%clk 0:03:03]} 7. Bd3
{[%clk 0:03:08]} O-O {[%clk 0:02:59]} 8. f4 {[%clk 0:03:09]} e5 {[%clk 0:02:53]}
9. fxe5 {[%clk 0:03:04]} dxe5 {[%clk 0:02:54]} 10. Ngf3 {[%clk 0:02:58]} Ng4
{[%clk 0:02:09]} 11. Bf2 {[%clk 0:02:59]} Nxf2 {[%clk 0:02:05]} 12. Kxf2
{[%clk 0:03:00]} Bd6 {[%clk 0:02:03]} 13. Rf1 {[%clk 0:02:37]} f5
{[%clk 0:01:58]} 14. dxe5 {[%clk 0:02:16]} Nxe5 {[%clk 0:01:55]} 15. Nxe5
{[%clk 0:02:17]} Bxe5 {[%clk 0:01:53]} 16. Nf3 {[%clk 0:02:18]} Bd6
{[%clk 0:01:50]} 17. Kg1 {[%clk 0:02:19]} Qe7 {[%clk 0:01:47]} 18. Qd2
{[%clk 0:02:11]} Bd7 {[%clk 0:01:45]} 19. Rae1 {[%clk 0:02:10]} Rad8
{[%clk 0:01:26]} 20. Qc2 {[%clk 0:02:07]} Bc5 {[%clk 0:01:20]} 21. Nd4
{[%clk 0:02:07]} g6 {[%clk 0:01:08]} 22. Qb3+ {[%clk 0:02:06]} Kh7
{[%clk 0:01:09]} 23. Qxb7 {[%clk 0:02:07]} Bb6 {[%clk 0:01:05]} 24. Bc2
{[%clk 0:01:51]} Rde8 {[%clk 0:01:04]} 25. b4 {[%clk 0:01:22]} c5
{[%clk 0:00:47]} 26. bxc5 {[%clk 0:01:22]} Bxc5 {[%clk 0:00:48]} 27. e4
{[%clk 0:01:14]} Rb8 {[%clk 0:00:28]} 28. Qd5 {[%clk 0:01:02]} f4
{[%clk 0:00:15]} 29. e5 {[%clk 0:01:02]} Be6 {[%clk 0:00:16]} 30. Qf3
{[%clk 0:00:42]} Rb2 {[%clk 0:00:15]} 31. Be4 {[%clk 0:00:34]} Bc4
{[%clk 0:00:14]} 32. Bd3 {[%clk 0:00:29]} Bg8 {[%clk 0:00:11]} 33. Kh1
{[%clk 0:00:26]} Rxa2 {[%clk 0:00:09]} 34. Qc6 {[%clk 0:00:24]} Kh8
{[%clk 0:00:07]} 35. Qxg6 {[%clk 0:00:19]} Qg7 {[%clk 0:00:07]} 36. Qxg7+ Kxg7
37. e6 {[%clk 0:00:18]} Bh7 {[%clk 0:00:03]} 38. Bb5 {[%clk 0:00:07]} Be7
{[%clk 0:00:03]} 39. Nc6 {[%clk 0:00:09]} Kf6 {[%clk 0:00:04]} 40. Rxf4+
{[%clk 0:00:09]} Kg7 {[%clk 0:00:05]} 41. Rxf8 {[%clk 0:00:08]} Kxf8
{[%clk 0:00:05]} 42. Rf1+ {[%clk 0:00:09]} 1-0

[Event "Team Championship (men blitz)"]
[Site "Sochi"]
[Date "2017.10.05"]
[Round "6.3"]
[White "Levin, Evgeny A."]
[Black "Riazantsev, Alexander"]
[Result "0-1"]
[LiveChessVersion "1.4.8"]
[BlackElo "2670"]
[WhiteElo "2546"]

1. d4 {[%clk 0:03:03]} Nf6 {[%clk 0:03:03]} 2. Nf3 {[%clk 0:03:04]} d5
{[%clk 0:03:04]} 3. c4 {[%clk 0:03:05]} e6 {[%clk 0:03:06]} 4. Nc3
{[%clk 0:03:05]} c6 {[%clk 0:03:07]} 5. e3 {[%clk 0:03:04]} a6 {[%clk 0:03:08]}
6. b3 {[%clk 0:02:57]} Bb4 {[%clk 0:03:09]} 7. Bd2 {[%clk 0:02:58]} Nbd7
{[%clk 0:03:10]} 8. Bd3 {[%clk 0:02:56]} O-O {[%clk 0:03:11]} 9. O-O
{[%clk 0:02:57]} Qe7 {[%clk 0:03:12]} 10. Qc2 {[%clk 0:02:52]} e5
{[%clk 0:03:10]} 11. cxd5 {[%clk 0:02:47]} Bxc3 {[%clk 0:02:22]} 12. Bxc3
{[%clk 0:02:47]} e4 {[%clk 0:02:23]} 13. d6 {[%clk 0:02:36]} Qe8 {[%clk 0:02:18]}
14. Be2 {[%clk 0:02:06]} exf3 {[%clk 0:02:16]} 15. Bxf3 {[%clk 0:02:04]} Nd5
{[%clk 0:01:59]} 16. e4 {[%clk 0:01:56]} Nxc3 {[%clk 0:01:55]} 17. Qxc3
{[%clk 0:01:57]} Nf6 {[%clk 0:01:53]} 18. e5 {[%clk 0:01:48]} Nd5
{[%clk 0:01:54]} 19. Bxd5 {[%clk 0:01:30]} cxd5 {[%clk 0:01:55]} 20. Qc5
{[%clk 0:01:23]} Be6 {[%clk 0:01:26]} 21. Rac1 {[%clk 0:01:23]} Qb5
{[%clk 0:01:14]} 22. Qxb5 {[%clk 0:00:59]} axb5 {[%clk 0:01:17]} 23. Rc5
{[%clk 0:01:00]} Bd7 {[%clk 0:00:56]} 24. Rc2 {[%clk 0:00:23]} Rfc8
{[%clk 0:00:56]} 25. Rfc1 {[%clk 0:00:23]} Rc6 {[%clk 0:00:51]} 26. Rxc6
{[%clk 0:00:11]} bxc6 {[%clk 0:00:52]} 27. Rc2 {[%clk 0:00:05]} g5
{[%clk 0:00:47]} 28. f3 {[%clk 0:00:06]} f6 {[%clk 0:00:44]} 29. g3
{[%clk 0:00:03]} fxe5 {[%clk 0:00:44]} 30. dxe5 {[%clk 0:00:04]} Kf7
{[%clk 0:00:45]} 31. Kf2 {[%clk 0:00:05]} Ke6 {[%clk 0:00:46]} 32. f4
{[%clk 0:00:06]} d4 {[%clk 0:00:47]} 33. Kf3 {[%clk 0:00:05]} Kd5
{[%clk 0:00:41]} 34. Re2 {[%clk 0:00:04]} c5 {[%clk 0:00:39]} 35. g4
{[%clk 0:00:04]} gxf4 {[%clk 0:00:39]} 36. Kxf4 {[%clk 0:00:05]} c4
{[%clk 0:00:41]} 37. bxc4+ {[%clk 0:00:05]} bxc4 {[%clk 0:00:42]} 38. Kg5
{[%clk 0:00:06]} d3 {[%clk 0:00:41]} 0-1

[Event "Team Championship (men blitz)"]
[Site "Sochi"]
[Date "2017.10.05"]
[Round "6.4"]
[White "Rublevsky, Sergei"]
[Black "Palchun, Grigory"]
[Result "1-0"]
[LiveChessVersion "1.4.8"]
[BlackElo "2319"]
[WhiteElo "2643"]

1. e4 {[%clk 0:03:03]} e5 {[%clk 0:03:04]} 2. Nf3 {[%clk 0:03:04]} Nc6
{[%clk 0:03:05]} 3. d4 {[%clk 0:03:05]} exd4 {[%clk 0:03:06]} 4. Nxd4
{[%clk 0:03:06]} Bc5 {[%clk 0:03:07]} 5. Nxc6 {[%clk 0:03:06]} bxc6
{[%clk 0:03:08]} 6. Nc3 {[%clk 0:03:06]} d6 {[%clk 0:03:07]} 7. Na4
{[%clk 0:02:58]} Bb6 {[%clk 0:03:07]} 8. Bd3 {[%clk 0:02:58]} Ne7
{[%clk 0:03:07]} 9. O-O {[%clk 0:02:56]} O-O {[%clk 0:03:06]} 10. Kh1
{[%clk 0:02:57]} f5 {[%clk 0:03:00]} 11. f4 {[%clk 0:02:24]} Kh8 {[%clk 0:02:14]}
12. Nxb6 {[%clk 0:02:18]} cxb6 {[%clk 0:02:11]} 13. b3 {[%clk 0:02:10]} fxe4
{[%clk 0:02:06]} 14. Bxe4 {[%clk 0:02:11]} d5 {[%clk 0:02:07]} 15. Bf3
{[%clk 0:02:10]} Nf5 {[%clk 0:02:06]} 16. Bb2 {[%clk 0:01:59]} Qc7
{[%clk 0:01:48]} 17. Be5 {[%clk 0:01:59]} Qf7 {[%clk 0:01:44]} 18. Qd2
{[%clk 0:01:51]} Nh4 {[%clk 0:01:40]} 19. Qc3 {[%clk 0:01:34]} Bd7
{[%clk 0:01:35]} 20. Rad1 {[%clk 0:01:19]} Ng6 {[%clk 0:01:27]} 21. Bh5
{[%clk 0:01:15]} Rac8 {[%clk 0:00:53]} 22. Rd3 {[%clk 0:00:56]} Bf5
{[%clk 0:00:51]} 23. Rg3 {[%clk 0:00:54]} c5 {[%clk 0:00:46]} 24. Rg5
{[%clk 0:00:46]} d4 {[%clk 0:00:42]} 25. Qg3 {[%clk 0:00:46]} Qe6
{[%clk 0:00:25]} 26. Bxg6 {[%clk 0:00:46]} hxg6 {[%clk 0:00:23]} 27. h4
{[%clk 0:00:41]} Bxc2 {[%clk 0:00:16]} 28. h5 {[%clk 0:00:42]} Rf5
{[%clk 0:00:12]} 29. hxg6 {[%clk 0:00:42]} Rxg5 {[%clk 0:00:10]} 30. Qh4+
{[%clk 0:00:42]} Kg8 {[%clk 0:00:11]} 31. Qh7+ {[%clk 0:00:42]} Kf8
{[%clk 0:00:12]} 32. fxg5+ {[%clk 0:00:39]} Ke8 {[%clk 0:00:11]} 33. Qxg7
{[%clk 0:00:35]} Qe7 {[%clk 0:00:04]} 34. Rf7 {[%clk 0:00:36]} 1-0

[Event "Team Championship (men blitz)"]
[Site "Sochi"]
[Date "2017.10.05"]
[Round "6.5"]
[White "Fedoseev, Vladimir"]
[Black "Artemiev, Vladislav"]
[Result "0-1"]
[LiveChessVersion "1.4.8"]
[BlackElo "2729"]
[WhiteElo "2656"]

1. e4 {[%clk 0:03:03]} c5 {[%clk 0:03:02]} 2. Be2 {[%clk 0:03:05]} g6
{[%clk 0:02:52]} 3. f4 {[%clk 0:03:05]} Bg7 4. c3 Nf6 {[%clk 0:02:51]} 5. d3
{[%clk 0:03:08]} d6 {[%clk 0:02:46]} 6. Nf3 {[%clk 0:03:08]} O-O {[%clk 0:02:42]}
7. O-O {[%clk 0:03:02]} c4 {[%clk 0:02:43]} 8. d4 {[%clk 0:02:50]} Nxe4
{[%clk 0:02:42]} 9. Bxc4 {[%clk 0:02:52]} Nd7 {[%clk 0:02:18]} 10. Bd3
{[%clk 0:02:51]} Ndf6 {[%clk 0:02:16]} 11. Qe2 {[%clk 0:02:44]} d5
{[%clk 0:02:17]} 12. Nbd2 {[%clk 0:02:36]} Bf5 {[%clk 0:02:05]} 13. Ne5
{[%clk 0:02:37]} Nxd2 {[%clk 0:02:01]} 14. Bxd2 {[%clk 0:02:38]} Bxd3
{[%clk 0:02:01]} 15. Nxd3 {[%clk 0:02:35]} e6 {[%clk 0:02:01]} 16. Be1
{[%clk 0:02:25]} Ne4 {[%clk 0:02:01]} 17. Nc5 {[%clk 0:01:58]} Nxc5
{[%clk 0:01:40]} 18. dxc5 {[%clk 0:01:59]} Qc7 {[%clk 0:01:41]} 19. Qe3
{[%clk 0:01:53]} Rfd8 {[%clk 0:01:37]} 20. Rd1 {[%clk 0:01:45]} Qa5
{[%clk 0:00:58]} 21. a3 {[%clk 0:01:21]} Qb5 {[%clk 0:00:53]} 22. Bh4
{[%clk 0:00:52]} Rdc8 {[%clk 0:00:51]} 23. b4 {[%clk 0:00:53]} Qc4
{[%clk 0:00:42]} 24. Rf3 {[%clk 0:00:46]} a5 {[%clk 0:00:41]} 25. Qd3
{[%clk 0:00:40]} axb4 {[%clk 0:00:16]} 26. cxb4 {[%clk 0:00:36]} Bb2
{[%clk 0:00:16]} 27. Qd2 {[%clk 0:00:21]} Bg7 {[%clk 0:00:14]} 28. Be7
{[%clk 0:00:18]} Ra4 {[%clk 0:00:15]} 29. f5 {[%clk 0:00:19]} exf5
{[%clk 0:00:09]} 30. Qxd5 {[%clk 0:00:17]} Qxd5 {[%clk 0:00:09]} 31. Rxd5
{[%clk 0:00:19]} Bb2 {[%clk 0:00:09]} 32. Rdd3 {[%clk 0:00:08]} Re8
{[%clk 0:00:09]} 33. Bg5 {[%clk 0:00:06]} Kg7 {[%clk 0:00:07]} 34. Bd2
{[%clk 0:00:05]} Rea8 35. Rd7 R8a7 {[%clk 0:00:08]} 36. Rb3 {[%clk 0:00:06]} Bxa3
37. Bc3+ {[%clk 0:00:09]} Kh6 {[%clk 0:00:03]} 38. Rxf7 Bc1 {[%clk 0:00:04]} 39.
Bf6 {[%clk 0:00:08]} g5 {[%clk 0:00:05]} 40. Rh3+ Kg6 41. Rhxh7 {[%clk 0:00:06]}
Be3+ {[%clk 0:00:04]} 42. Kf1 {[%clk 0:00:06]} f4 {[%clk 0:00:04]} 43. Rhg7+
{[%clk 0:00:07]} Kf5 {[%clk 0:00:05]} 44. Bxg5+ {[%clk 0:00:07]} Ke4
{[%clk 0:00:07]} 45. Re7+ {[%clk 0:00:08]} Kd3 {[%clk 0:00:08]} 46. Rxb7
{[%clk 0:00:09]} Ra1# {[%clk 0:00:09]} 0-1

[Event "Team Championship (men blitz)"]
[Site "Sochi"]
[Date "2017.10.05"]
[Round "6.7"]
[White "Kovalev, Vladislav"]
[Black "Timofeev, Artyom"]
[Result "1/2-1/2"]
[LiveChessVersion "1.4.8"]
[BlackElo "2619"]
[WhiteElo "2527"]

1. e4 {[%clk 0:03:03]} c5 {[%clk 0:03:03]} 2. Be2 {[%clk 0:03:05]} Nc6
{[%clk 0:03:04]} 3. f4 {[%clk 0:03:06]} g6 {[%clk 0:03:04]} 4. Nf3
{[%clk 0:03:08]} Bg7 {[%clk 0:03:05]} 5. d3 {[%clk 0:03:09]} e6 {[%clk 0:03:06]}
6. O-O {[%clk 0:03:09]} Nge7 {[%clk 0:03:06]} 7. c3 {[%clk 0:03:09]} d5
{[%clk 0:03:06]} 8. Be3 {[%clk 0:03:09]} d4 {[%clk 0:03:06]} 9. Bf2
{[%clk 0:03:01]} O-O {[%clk 0:03:04]} 10. Qc2 {[%clk 0:02:30]} e5
{[%clk 0:03:02]} 11. fxe5 {[%clk 0:02:24]} Nxe5 {[%clk 0:03:02]} 12. Nxe5
{[%clk 0:02:22]} Bxe5 {[%clk 0:03:03]} 13. Nd2 {[%clk 0:02:22]} Nc6
{[%clk 0:03:01]} 14. Nf3 {[%clk 0:02:18]} Bg7 {[%clk 0:03:02]} 15. h3
{[%clk 0:01:32]} Be6 {[%clk 0:03:00]} 16. a3 {[%clk 0:01:14]} Rc8
{[%clk 0:02:58]} 17. c4 {[%clk 0:01:15]} a5 {[%clk 0:02:56]} 18. Bg3
{[%clk 0:01:10]} b6 {[%clk 0:02:52]} 19. Kh2 {[%clk 0:01:10]} Qe7
{[%clk 0:02:46]} 20. Qd2 {[%clk 0:01:08]} Bd7 {[%clk 0:02:46]} 21. Rf2
{[%clk 0:01:08]} f5 {[%clk 0:02:39]} 22. exf5 {[%clk 0:01:07]} Bxf5
{[%clk 0:02:40]} 23. Raf1 {[%clk 0:01:04]} Qe3 {[%clk 0:02:36]} 24. Bf4
{[%clk 0:00:53]} Qxd2 {[%clk 0:02:33]} 25. Nxd2 {[%clk 0:00:53]} Rfe8
{[%clk 0:02:31]} 26. Rd1 {[%clk 0:00:33]} Ne5 {[%clk 0:02:27]} 27. Nf3
{[%clk 0:00:27]} Nxf3+ {[%clk 0:02:20]} 28. Bxf3 {[%clk 0:00:29]} 1/2-1/2

[Event "Team Championship (men blitz)"]
[Site "Sochi"]
[Date "2017.10.05"]
[Round "6.8"]
[White "Hasangatin, Ramil"]
[Black "Yuffa, Daniil"]
[Result "0-1"]
[LiveChessVersion "1.4.8"]
[BlackElo "2542"]
[WhiteElo "2560"]

1. d4 {[%clk 0:03:03]} Nf6 {[%clk 0:03:03]} 2. Nf3 {[%clk 0:03:04]} g6
{[%clk 0:03:04]} 3. Nc3 {[%clk 0:03:05]} d5 {[%clk 0:03:05]} 4. Bf4
{[%clk 0:03:06]} Bg7 {[%clk 0:03:05]} 5. Nb5 {[%clk 0:03:07]} Na6
{[%clk 0:03:03]} 6. e3 {[%clk 0:03:09]} O-O {[%clk 0:03:03]} 7. h3
{[%clk 0:03:10]} c6 {[%clk 0:02:51]} 8. Nc3 {[%clk 0:03:11]} b6 {[%clk 0:02:51]}
9. Be2 {[%clk 0:03:08]} Bb7 {[%clk 0:02:49]} 10. O-O {[%clk 0:03:02]} Nb8
{[%clk 0:02:49]} 11. a4 {[%clk 0:02:49]} a5 {[%clk 0:02:25]} 12. Re1
{[%clk 0:02:51]} Nbd7 {[%clk 0:02:26]} 13. Bh2 {[%clk 0:02:52]} Re8
{[%clk 0:02:25]} 14. Qb1 {[%clk 0:02:53]} Ba6 {[%clk 0:02:20]} 15. Bxa6
{[%clk 0:02:30]} Rxa6 {[%clk 0:02:21]} 16. Qd1 {[%clk 0:02:31]} Ra8 17. Qd3 Qc8
{[%clk 0:02:21]} 18. Rab1 {[%clk 0:02:27]} e6 {[%clk 0:02:14]} 19. e4
{[%clk 0:02:26]} dxe4 20. Nxe4 {[%clk 0:02:26]} Nxe4 {[%clk 0:02:15]} 21. Qxe4
{[%clk 0:02:27]} Nf6 {[%clk 0:02:14]} 22. Qe2 {[%clk 0:02:22]} Nd5
{[%clk 0:02:11]} 23. Be5 {[%clk 0:02:21]} Bxe5 {[%clk 0:02:07]} 24. dxe5
{[%clk 0:02:20]} b5 {[%clk 0:02:01]} 25. Ra1 {[%clk 0:02:17]} Qb7
{[%clk 0:01:46]} 26. c3 {[%clk 0:02:06]} Kg7 {[%clk 0:01:27]} 27. Ng5
{[%clk 0:02:06]} bxa4 {[%clk 0:01:08]} 28. Rxa4 {[%clk 0:02:01]} Qb5
{[%clk 0:01:05]} 29. Qf3 {[%clk 0:01:18]} Ra7 {[%clk 0:01:07]} 30. Rea1
{[%clk 0:01:19]} Qxb2 {[%clk 0:00:47]} 31. Rxa5 {[%clk 0:01:06]} Qxa1+
{[%clk 0:00:41]} 32. Rxa1 {[%clk 0:01:07]} Rxa1+ 33. Kh2 Ra7 {[%clk 0:00:30]} 34.
c4 {[%clk 0:01:10]} Nb4 {[%clk 0:00:29]} 35. Qf6+ {[%clk 0:01:07]} Kg8
{[%clk 0:00:30]} 36. h4 {[%clk 0:01:09]} h5 {[%clk 0:00:11]} 37. Ne4
{[%clk 0:01:03]} Nd3 {[%clk 0:00:08]} 38. f3 {[%clk 0:00:48]} Rb8
{[%clk 0:00:07]} 39. Qg5 {[%clk 0:00:43]} Kg7 {[%clk 0:00:07]} 40. g4
{[%clk 0:00:36]} Rb2+ {[%clk 0:00:06]} 41. Kg3 {[%clk 0:00:37]} Raa2
{[%clk 0:00:06]} 42. Qf6+ {[%clk 0:00:35]} Kg8 {[%clk 0:00:04]} 43. Qd8+ Kg7 44.
Qxd3 {[%clk 0:00:35]} Rg2+ {[%clk 0:00:06]} 45. Kf4 {[%clk 0:00:36]} hxg4
{[%clk 0:00:07]} 46. fxg4 {[%clk 0:00:31]} Ra1 {[%clk 0:00:08]} 47. Qd8
{[%clk 0:00:28]} Rf1+ {[%clk 0:00:09]} 48. Kg5 {[%clk 0:00:28]} Rf5#
{[%clk 0:00:09]} 0-1

[Event "Team Championship (men blitz)"]
[Site "Sochi"]
[Date "2017.10.05"]
[Round "6.10"]
[White "Pridorozhni, Aleksei"]
[Black "Potkin, Vladimir"]
[Result "1-0"]
[LiveChessVersion "1.4.8"]
[BlackElo "2497"]
[WhiteElo "2671"]

1. e4 {[%clk 0:03:03]} c5 {[%clk 0:03:03]} 2. Nf3 {[%clk 0:03:03]} d6
{[%clk 0:03:05]} 3. d4 {[%clk 0:03:04]} cxd4 {[%clk 0:03:06]} 4. Nxd4
{[%clk 0:03:05]} Nf6 {[%clk 0:03:07]} 5. Nc3 {[%clk 0:03:06]} a6 {[%clk 0:03:08]}
6. Rg1 {[%clk 0:03:07]} Nc6 {[%clk 0:02:58]} 7. g4 {[%clk 0:03:08]} d5
{[%clk 0:02:27]} 8. Nxc6 {[%clk 0:02:54]} bxc6 {[%clk 0:02:28]} 9. g5
{[%clk 0:02:55]} Nxe4 {[%clk 0:02:20]} 10. Nxe4 {[%clk 0:02:56]} dxe4
{[%clk 0:02:21]} 11. Qxd8+ {[%clk 0:02:56]} Kxd8 {[%clk 0:02:22]} 12. Bf4
{[%clk 0:02:57]} Bf5 {[%clk 0:02:14]} 13. O-O-O+ {[%clk 0:02:56]} Kc8
{[%clk 0:02:15]} 14. Rd4 {[%clk 0:02:31]} e6 {[%clk 0:02:02]} 15. Rc4
{[%clk 0:02:32]} Kb7 {[%clk 0:02:01]} 16. Bg2 {[%clk 0:02:32]} Be7
{[%clk 0:01:54]} 17. f3 {[%clk 0:02:18]} e5 {[%clk 0:01:18]} 18. Bxe5
{[%clk 0:02:09]} Bxg5+ {[%clk 0:01:17]} 19. f4 {[%clk 0:02:06]} Rhe8
{[%clk 0:01:16]} 20. Rb4+ {[%clk 0:02:01]} Kc8 {[%clk 0:01:12]} 21. Bxe4
{[%clk 0:01:52]} Bxe4 {[%clk 0:01:10]} 22. Rxg5 {[%clk 0:01:48]} Bg6
{[%clk 0:00:56]} 23. Bxg7 {[%clk 0:01:47]} Be4 {[%clk 0:00:34]} 24. Be5
{[%clk 0:01:39]} Bd5 {[%clk 0:00:34]} 25. c4 {[%clk 0:01:39]} Be6
{[%clk 0:00:33]} 26. Rb6 {[%clk 0:01:38]} c5 {[%clk 0:00:22]} 27. Bd6
{[%clk 0:01:27]} Kd7 {[%clk 0:00:23]} 28. Rxc5 {[%clk 0:01:28]} Rec8
{[%clk 0:00:21]} 29. Rxc8 {[%clk 0:01:29]} Rxc8 {[%clk 0:00:23]} 30. b3
{[%clk 0:01:30]} a5 {[%clk 0:00:19]} 31. Be5 {[%clk 0:01:29]} Rg8
{[%clk 0:00:19]} 32. Rd6+ {[%clk 0:01:25]} Ke7 {[%clk 0:00:20]} 33. Ra6
{[%clk 0:01:26]} Rg1+ {[%clk 0:00:19]} 34. Kb2 {[%clk 0:01:26]} Rg2+
{[%clk 0:00:17]} 35. Ka3 {[%clk 0:01:27]} h5 {[%clk 0:00:13]} 36. Rxa5
{[%clk 0:01:25]} h4 {[%clk 0:00:11]} 37. Ra7+ {[%clk 0:01:20]} Kd8
{[%clk 0:00:12]} 38. Bf6+ {[%clk 0:01:20]} Kc8 {[%clk 0:00:11]} 39. Bxh4
{[%clk 0:01:21]} Rxh2 {[%clk 0:00:12]} 40. Bf6 {[%clk 0:01:21]} Bf5
{[%clk 0:00:11]} 41. Kb4 {[%clk 0:01:19]} Bb1 {[%clk 0:00:07]} 42. a4
{[%clk 0:01:17]} Rf2 {[%clk 0:00:09]} 43. Be5 {[%clk 0:01:14]} Bc2
{[%clk 0:00:10]} 44. Rxf7 {[%clk 0:01:13]} 1-0